000
00264pam a2200121 a 4500
020
_c
041
_a
eng
100
_a
Jano.W.R.
245
_a
Micherales In Industry
_h
Textual Documents
260
_a
New York
_b
Penguin Books Ltd
300
_a
144p.
930
_a
15251
999
_c
92151
_d
92151